LIBRARY & INFORMATION CENTRE, KCAET, TAVANUR

ONLINE PUBLIC ACCESS CATALOGUE (OPAC)

Spatial mapping of flood prone areas and risk Assessment of Chalakudy River basin using HEC- HMS and HEC-RAS Models (Record no. 17452)

MARC details
000 -LEADER
fixed length control field 00459nam a22001457a 4500
003 - CONTROL NUMBER IDENTIFIER
control field OSt
082 ## - DEWEY DECIMAL CLASSIFICATION NUMBER
Classification number 631.587
Item number GUD/SP
088 ## - REPORT NUMBER
Report number T 523
100 ## - MAIN ENTRY--AUTHOR NAME
Personal name Gudidha Gopi
245 ## - TITLE STATEMENT
Title Spatial mapping of flood prone areas and risk Assessment of Chalakudy River basin using HEC- HMS and HEC-RAS Models
260 ## - PUBLICATION, DISTRIBUTION, ETC. (IMPRINT)
Place of publication KCAET,Tavanur
Name of publisher Department of Irrigation and Drainage Engineering
Year of publication 2021
300 ## - PHYSICAL DESCRIPTION
Number of Pages 228 pages
700 ## - ADDED ENTRY--PERSONAL NAME
Personal name Rema k p (Guide)
942 ## - ADDED ENTRY ELEMENTS (KOHA)
Koha item type Theses
Holdings
Collection code Home library Current library Shelving location Full call number Accession Number Koha item type Public note
Reference KAUAET KAUAET Reference 631.587 GUD/SP T 523 Theses PhD Thesis
free website counter